[Event "Russian Championship G15 1st league 2016"]
[Site "Loo"]
[Date "2016.04.25"]
[Round "6.4"]
[White "Pikalova, Sofya"]
[Black "Aliverdieva, Elina"]
[Result "0-1"]
[WhiteElo "1728"]
[BlackElo "1566"]
[PlyCount "122"]
[EventDate "2016.04.20"]

1. e4 c6 2. Nc3 d5 3. Nf3 Nf6 4. e5 Ne4 5. d4 Nxc3 6. bxc3 e6 7. c4 Be7 8. Be2
O-O 9. O-O Nd7 10. c3 dxc4 11. Bxc4 c5 12. Be3 Nb6 13. Bd3 cxd4 14. cxd4 Nd5
15. Bd2 b6 16. Qe2 g6 17. Ne1 Re8 18. f4 Bb7 19. Qg4 Nb4 20. f5 Nxd3 21. fxe6
f5 22. Rxf5 Nxe1 23. Rxe1 Bf8 24. Ref1 Bg7 25. Rf7 Ba6 26. Rd7 Bxf1 27. Rxd8
Raxd8 28. Kxf1 Bxe5 29. Bc3 Bg7 30. h4 Rd6 31. h5 Rdxe6 32. hxg6 Rxg6 33. Qd1
Rf8+ 34. Kg1 Kh8 35. a4 Rg8 36. Qc2 Bf6 37. Kf1 Rxg2 38. Qxg2 Rxg2 39. Kxg2 Kg7
40. Kf3 Kf7 41. Kf4 h5 42. Ke4 h4 43. Be1 Ke6 44. d5+ Kd6 45. Bb4+ Kd7 46. Bd2
Be7 47. a5 h3 48. Kf3 Bd6 49. axb6 axb6 50. Kf2 Ke7 51. Kg1 Kf6 52. Kh1 Ke5 53.
Kh2 Kxd5+ 54. Kxh3 b5 55. Kg2 Kc4 56. Kf3 Bb4 57. Bh6 Kd3 58. Kg4 Bc5 59. Bg7
b4 60. Bb2 Bd4 61. Bc1 Kc2 0-1

[Event "Russian Championship G15 1st league 2016"]
[Site "Loo"]
[Date "2016.04.25"]
[Round "6.5"]
[White "Perch, Sofya"]
[Black "Martysh, Darja"]
[Result "1-0"]
[WhiteElo "1723"]
[BlackElo "1614"]
[PlyCount "89"]
[EventDate "2016.04.20"]

1. d4 Nf6 2. Nf3 b6 3. c4 Bb7 4. e3 e6 5. Bd3 Be7 6. O-O O-O 7. Re1 d6 8. e4 c5
9. d5 Nbd7 10. Nc3 Re8 11. Bc2 a6 12. Ba4 e5 13. a3 Rf8 14. Nd2 Kh8 15. Nf1 Ng8
16. Ng3 Bc8 17. Bc6 Ra7 18. f4 Nb8 19. Ba4 exf4 20. Bxf4 Bg5 21. Qd2 Bf6 22. e5
g5 23. exf6 gxf4 24. Qxf4 Qxf6 25. Qxf6+ Nxf6 26. Nge4 Nxe4 27. Nxe4 Rd8 28.
Nxd6 Rxd6 29. Re8+ Kg7 30. Rxc8 Nd7 31. Bxd7 Raxd7 32. Re1 Rd8 33. Re8 Rxc8 34.
Rxc8 Kf6 35. Rc7 h6 36. Kf2 a5 37. b3 h5 38. Kf3 Ke5 39. Rxf7 Rf6+ 40. Rxf6
Kxf6 41. Kg3 Ke5 42. Kh4 b5 43. a4 bxc4 44. bxc4 Kd6 45. Kxh5 1-0

[Event "Russian Championship G15 1st league 2016"]
[Site "Loo"]
[Date "2016.04.25"]
[Round "6.6"]
[White "Tsvetkova, Vladislava"]
[Black "Zinatullina, Adelya"]
[Result "1/2-1/2"]
[WhiteElo "1570"]
[BlackElo "1775"]
[PlyCount "93"]
[EventDate "2016.04.20"]

1. e4 c5 2. Nf3 e6 3. d4 cxd4 4. Nxd4 a6 5. Nc3 Qc7 6. g3 Bb4 7. Nde2 Nf6 8.
Bg2 Nc6 9. O-O O-O 10. h3 d6 11. g4 Bc5 12. g5 Nd7 13. Nf4 Nde5 14. h4 f6 15.
Qh5 Qf7 16. Qe2 fxg5 17. hxg5 Nd4 18. Qd1 Qe7 19. Nce2 Ndf3+ 20. Bxf3 Nxf3+ 21.
Kg2 Nh4+ 22. Kh1 Qxg5 23. Rg1 Qe7 24. Nh5 Ng6 25. Bg5 Qf7 26. Nef4 e5 27. Nd5
Qf3+ 28. Qxf3 Rxf3 29. Rg2 Rh3+ 30. Rh2 Rxh2+ 31. Kxh2 Bg4 32. Nhf6+ gxf6 33.
Nxf6+ Kg7 34. Nxg4 Nf8 35. f4 exf4 36. Bxf4 Ne6 37. Bh6+ Kg6 38. Rf1 Bd4 39. c3
Bh8 40. Be3 h5 41. Nh6 Be5+ 42. Kh3 Nc5 43. Bxc5 dxc5 44. Nf7 Re8 45. Rf5 Bb8
46. Ng5 c4 47. Kg2 1/2-1/2

[Event "Russian Championship G15 1st league 2016"]
[Site "Loo"]
[Date "2016.04.25"]
[Round "6.7"]
[White "Sosnina, Ekaterina"]
[Black "Lisyanskaya, Alina"]
[Result "1-0"]
[WhiteElo "1727"]
[BlackElo "1538"]
[PlyCount "59"]
[EventDate "2016.04.20"]

1. e4 c6 2. d4 d5 3. Nd2 dxe4 4. Nxe4 Nd7 5. Ng5 Ngf6 6. Bd3 e6 7. N1f3 h6 8.
Nxe6 Qe7 9. O-O fxe6 10. Bg6+ Kd8 11. Re1 Nd5 12. c4 N5f6 13. Bf4 b6 14. Qc2
Rg8 15. Rad1 Bb7 16. d5 cxd5 17. cxd5 Qc5 18. dxe6 Qxc2 19. Bxc2 Nd5 20. exd7
Be7 21. Bg3 Rf8 22. Be4 Nb4 23. Bxb7 g5 24. Bxa8 h5 25. Rxe7 Kxe7 26. Bd6+ Kxd7
27. Bxf8+ Ke8 28. Bxb4 g4 29. Ng5 a5 30. Bc6# 1-0

[Event "Russian Championship G15 1st league 2016"]
[Site "Loo"]
[Date "2016.04.25"]
[Round "6.8"]
[White "Novogenova, Anastasia"]
[Black "Burnyasheva, Elena"]
[Result "0-1"]
[WhiteElo "1555"]
[BlackElo "1664"]
[PlyCount "64"]
[EventDate "2016.04.20"]

1. d4 Nf6 2. c4 e6 3. Nc3 Bb4 4. Bd2 O-O 5. Nf3 d5 6. e3 c5 7. a3 Bxc3 8. Bxc3
cxd4 9. Nxd4 Nc6 10. Nxc6 bxc6 11. Bd3 c5 12. cxd5 Nxd5 13. Qc2 h6 14. Bd2 Bb7
15. O-O Qg5 16. e4 Nf4 17. g3 Nh3+ 18. Kg2 Qh5 19. f4 c4 20. Qxc4 Rac8 21. Qb3
Rcd8 22. Bb4 Rfe8 23. Rae1 f5 24. Bc2 g5 25. Ba5 Rb8 26. Qe3 Ba6 27. Rh1 Rxb2
28. Qc3 Be2 29. Rhf1 Bxf1+ 30. Rxf1 Qe2+ 31. Rf2 Qxf2+ 32. Kxh3 Qf1# 0-1

[Event "Russian Championship G15 1st league 2016"]
[Site "Loo"]
[Date "2016.04.25"]
[Round "6.9"]
[White "Tolkacheva, Anna"]
[Black "Kononova, Anastasiya"]
[Result "1-0"]
[WhiteElo "1702"]
[BlackElo "1426"]
[PlyCount "69"]
[EventDate "2016.04.20"]

1. e4 e5 2. Nf3 Nc6 3. d4 exd4 4. Nxd4 Bc5 5. Nb3 Bb4+ 6. Bd2 Bxd2+ 7. Qxd2 Nf6
8. Nc3 d6 9. O-O-O Be6 10. f4 Qe7 11. Bb5 Bxb3 12. axb3 Qd7 13. e5 dxe5 14. Qe2
Qe6 15. fxe5 Nd7 16. Nd5 Rc8 17. Rd2 O-O 18. Rhd1 Ndxe5 19. Bxc6 Nxc6 20. Qb5
b6 21. Qxc6 Qxc6 22. Ne7+ Kh8 23. Nxc6 a5 24. Rd8 h6 25. Rxf8+ Rxf8 26. Rd7 Rc8
27. Rxf7 Kg8 28. Rd7 Kh7 29. Kd2 Rf8 30. Ke3 Re8+ 31. Re7 Rxe7+ 32. Nxe7 c5 33.
Nd5 b5 34. Nc7 b4 35. Na6 1-0

[Event "Russian Championship G15 1st league 2016"]
[Site "Loo"]
[Date "2016.04.25"]
[Round "6.10"]
[White "Moiseeva, Polina"]
[Black "Polyanskaya, Elizaveta"]
[Result "0-1"]
[WhiteElo "1485"]
[BlackElo "1701"]
[PlyCount "178"]
[EventDate "2016.04.20"]

1. e4 c5 2. Nc3 Nc6 3. Bb5 e6 4. Bxc6 bxc6 5. f4 d6 6. Nf3 Ne7 7. O-O Ng6 8. d3
Qc7 9. Be3 d5 10. Na4 d4 11. Bd2 Be7 12. Qe1 O-O 13. b3 Bd6 14. e5 Be7 15. Nb2
Ba6 16. Nd1 Qd8 17. Nf2 Qd5 18. Ne4 f6 19. exf6 Bxf6 20. Qg3 Bd8 21. Qg4 c4 22.
bxc4 Bxc4 23. Neg5 Ba6 24. Qxe6+ Kh8 25. Qxd5 cxd5 26. Ne6 Rf6 27. Nfxd4 Bb6
28. Kh1 h6 29. f5 Ne7 30. Bb4 Ng8 31. Bc5 Bc8 32. Bxb6 axb6 33. Nc7 Ra5 34.
Ncb5 Bxf5 35. Rxf5 Rxf5 36. Nxf5 Rxb5 37. a4 Rb4 38. a5 bxa5 39. h3 a4 40. Ne3
Nf6 41. Ra3 d4 42. Nc4 Nd5 43. Kg1 Nc3 44. Kf2 Rb1 45. Kf3 Kg8 46. Kf4 g6 47.
Ke5 Kg7 48. Kxd4 Nb5+ 49. Kc5 Nxa3 50. Nxa3 Rb8 51. d4 Kf6 52. d5 Ke7 53. d6+
Kd7 54. Kd5 Rb6 55. Kc5 Rb8 56. Kd5 Rb2 57. Kc4 Kxd6 58. g4 Kc6 59. Kd4 Rb8 60.
Kc4 Rb7 61. Kd4 Rb4+ 62. Kc3 Kc5 63. Kd3 Kc6 64. Kc3 Rf4 65. Kb2 Kc5 66. Nb1
Rb4+ 67. Ka2 Kc4 68. c3 Rxb1 69. Kxb1 Kxc3 70. Ka2 Kd3 71. Ka3 Ke3 72. h4 Kf4
73. h5 g5 74. Kxa4 Kxg4 75. Kb3 Kf3 76. Kc4 g4 77. Kd5 Kf4 78. Ke6 g3 79. Kf6
g2 80. Kg6 g1=Q+ 81. Kxh6 Qg5+ 82. Kh7 Qxh5+ 83. Kg8 Qf5 84. Kh8 Qf6+ 85. Kg8
Kg5 86. Kh7 Qf5+ 87. Kg7 Kh5 88. Kg8 Kg6 89. Kh8 Qf8# 0-1

[Event "Russian Championship G15 1st league 2016"]
[Site "Loo"]
[Date "2016.04.25"]
[Round "6.11"]
[White "Nikolaeva, Ksenya"]
[Black "Egorova, Valentina S"]
[Result "1-0"]
[WhiteElo "1660"]
[BlackElo "1487"]
[PlyCount "141"]
[EventDate "2016.04.20"]

1. d4 e5 2. dxe5 Nc6 3. Nf3 Qe7 4. g3 Nxe5 5. Nxe5 Qxe5 6. Bg2 Bc5 7. O-O Nf6
8. Nc3 d6 9. Bf4 Qe7 10. a4 O-O 11. Bg5 h6 12. Nd5 Qe5 13. Bxf6 gxf6 14. Nxc7
Rb8 15. c3 Bb6 16. Nd5 Bd8 17. Qd2 Kh7 18. Rfd1 Be6 19. Ne3 Be7 20. Bd5 Rfc8
21. Qd3+ Kg7 22. Qd4 Qxd4 23. Rxd4 Bf8 24. Rad1 b5 25. R1d2 Bxd5 26. Nxd5 bxa4
27. Rxa4 Rb7 28. Rg4+ Kh8 29. Nxf6 Bg7 30. Ne4 Rd8 31. Nxd6 Rdd7 32. Nxb7 Rxd2
33. Rb4 Rxe2 34. Nd8 Kg8 35. Rb7 a5 36. Nxf7 a4 37. Nd6 Rd2 38. Nc4 Re2 39. Rb4
Re1+ 40. Kg2 Ra1 41. Na3 Ra2 42. Nc4 a3 43. Nxa3 Bxc3 44. bxc3 Rxa3 45. Rc4 Ra2
46. Rc7 Rc2 47. h4 Rc1 48. f4 Rc2+ 49. Kf3 Rc1 50. Kg4 Rg1 51. h5 Rc1 52. Kf5
Rd1 53. c4 Rd3 54. g4 Rd8 55. c5 Rd5+ 56. Kg6 Rd8 57. f5 Rf8 58. f6 Re8 59. f7+
Kf8 60. fxe8=Q+ Kxe8 61. Kf6 Kd8 62. Rg7 Ke8 63. c6 Kd8 64. Ke6 Kc8 65. Kd6 Kb8
66. c7+ Kc8 67. Rg8+ Kb7 68. c8=Q+ Ka7 69. Rg7+ Kb6 70. Rb7+ Ka6 71. Qa8# 1-0

[Event "Russian Championship G15 1st league 2016"]
[Site "Loo"]
[Date "2016.04.25"]
[Round "6.12"]
[White "Chagina, Ulyana"]
[Black "Fairuzova, Zulfiiya"]
[Result "0-1"]
[WhiteElo "1276"]
[BlackElo "1659"]
[PlyCount "96"]
[EventDate "2016.04.20"]

1. d4 d5 2. c4 e6 3. Nc3 Nf6 4. Nf3 c6 5. cxd5 exd5 6. Bf4 h6 7. e3 Bd6 8. Be5
Bc7 9. Bd3 Nbd7 10. Bg3 Bxg3 11. hxg3 Qe7 12. Nd2 Nb6 13. Qe2 Bd7 14. f3 Qd6
15. Qf2 Be6 16. g4 O-O-O 17. Rc1 Kb8 18. Nb3 Bc8 19. O-O h5 20. g5 Nfd7 21. e4
f6 22. gxf6 gxf6 23. exd5 Nxd5 24. Nxd5 Qxd5 25. Qg3+ Ka8 26. Bc4 Qf5 27. f4 h4
28. Qd3 Qxd3 29. Bxd3 Nb6 30. Rc2 h3 31. g3 Be6 32. Nc5 Rxd4 33. Nxe6 Rxd3 34.
Rc3 Rd2 35. Rb3 Nd5 36. Nc5 b6 37. Ne4 Re2 38. Nc3 Rg2+ 39. Kh1 Rxg3 40. Nxd5
Rxb3 41. axb3 cxd5 42. Rd1 Rh5 43. Kh2 Kb7 44. Rd3 Kc6 45. Rxh3 Rxh3+ 46. Kxh3
d4 47. Kg3 Kd5 48. Kf3 f5 0-1

[Event "Russian Championship G15 1st league 2016"]
[Site "Loo"]
[Date "2016.04.25"]
[Round "6.13"]
[White "Plaksina, Sofya"]
[Black "Khairullina, Gulshat"]
[Result "1-0"]
[WhiteElo "1630"]
[BlackElo "1157"]
[PlyCount "51"]
[EventDate "2016.04.20"]

1. e4 e5 2. Nf3 Nc6 3. Bc4 Nf6 4. Ng5 d5 5. exd5 Nxd5 6. Nxf7 Kxf7 7. Qf3+ Ke8
8. Bxd5 Qf6 9. Bxc6+ bxc6 10. Qe2 Bd6 11. O-O Qg6 12. d4 e4 13. Re1 Bf5 14. f3
Kd7 15. fxe4 Rhe8 16. Nd2 Bf4 17. e5 Bxc2 18. Nb3 Bxb3 19. axb3 Bxc1 20. Rexc1
Rab8 21. Qc4 Qe6 22. d5 Qxe5 23. dxc6+ Kc8 24. Qg4+ Qe6 25. Re1 Qxg4 26. Rxe8#
1-0

[Event "Russian Championship G15 1st league 2016"]
[Site "Loo"]
[Date "2016.04.25"]
[Round "6.15"]
[White "Badmaeva, Baina"]
[Black "Polomoshnova, Mariya"]
[Result "1-0"]
[WhiteElo "1656"]
[BlackElo "1481"]
[PlyCount "81"]
[EventDate "2016.04.20"]

1. e4 c6 2. d4 d5 3. exd5 cxd5 4. Bd3 Nc6 5. c3 Qc7 6. h3 Nf6 7. Nf3 e6 8. O-O
h6 9. Be3 Bd6 10. Nbd2 O-O 11. Rc1 Bd7 12. Bb1 b5 13. Nb3 a5 14. Qd3 Rfb8 15.
Rfe1 Qd8 16. Nc5 b4 17. Nxd7 Qxd7 18. c4 a4 19. c5 Bc7 20. Nh2 Bxh2+ 21. Kxh2
b3 22. a3 Na5 23. Bf4 Rc8 24. Be5 Qd8 25. Qe2 Nc4 26. Bf4 Qd7 27. Bd3 Na5 28.
Ba6 Rd8 29. Bb5 Nc6 30. g4 Qb7 31. Bxc6 Qxc6 32. g5 hxg5 33. Bxg5 Qc7+ 34. Qe5
Qe7 35. Rg1 Kf8 36. Qg3 Rac8 37. Qh4 Qc7+ 38. Bf4 Qc6 39. Rxg7 Kxg7 40. Qh6+
Kg8 41. Rg1+ 1-0

[Event "Russian Championship G15 1st league 2016"]
[Site "Loo"]
[Date "2016.04.25"]
[Round "6.16"]
[White "Khomyak, Aleksandra"]
[Black "Terkina, Yulia"]
[Result "1-0"]
[WhiteElo "1612"]
[BlackElo "1459"]
[PlyCount "129"]
[EventDate "2016.04.20"]

1. d4 e6 2. Nf3 d5 3. c3 c5 4. Bg5 Qb6 5. Qb3 Qxb3 6. axb3 Nc6 7. e3 Bd6 8. Bd3
Bd7 9. Nbd2 Nge7 10. O-O O-O 11. dxc5 Bxc5 12. b4 Bd6 13. b5 Nd8 14. e4 f6 15.
Be3 Bc7 16. b6 Bd6 17. Rxa7 Rxa7 18. bxa7 Ndc6 19. Ra1 Ra8 20. b4 Ne5 21. Nxe5
Bxe5 22. Nb1 dxe4 23. Bxe4 Bc6 24. Bxc6 Nxc6 25. b5 Nb4 26. b6 Nd5 27. Ra3 Bd6
28. Rb3 Kf7 29. c4 Nxe3 30. fxe3 Bc5 31. Kf2 Ke7 32. Rb5 Kd6 33. Nc3 Kc6 34.
Na4 Bd6 35. h3 f5 36. e4 g6 37. exf5 gxf5 38. Kf3 h5 39. Ke3 h4 40. Kd3 Bg3 41.
Rc5+ Kd7 42. Rb5 Kc6 43. Rb1 Bf2 44. Rb2 Bg3 45. c5 Rd8+ 46. Kc4 Bf4 47. Ra2 e5
48. Nc3 Ra8 49. Nb5 e4 50. Nd4+ Kd7 51. Nxf5 Bg5 52. Nd6 Kc6 53. Nxe4 Be3 54.
Re2 Bg1 55. Rd2 Bh2 56. Nd6 Bf4 57. Rd3 Bh2 58. Nf5 Rf8 59. Nxh4 Rf4+ 60. Rd4
Rf8 61. Rg4 Ra8 62. g3 Bg1 63. Rg6+ Kd7 64. Rg7+ Kc6 65. Rc7# 1-0

[Event "Russian Championship G15 1st league 2016"]
[Site "Loo"]
[Date "2016.04.25"]
[Round "6.17"]
[White "Kiseleva, Elizaveta"]
[Black "Bezenkina, Ekaterina"]
[Result "1/2-1/2"]
[WhiteElo "1542"]
[BlackElo "1413"]
[PlyCount "80"]
[EventDate "2016.04.20"]

1. e4 c5 2. Nf3 g6 3. d4 cxd4 4. Nxd4 Bg7 5. Nc3 Nc6 6. Be3 Nf6 7. Qd2 O-O 8.
f3 d5 9. exd5 Nxd5 10. Nxd5 Qxd5 11. Nxc6 Qxd2+ 12. Bxd2 bxc6 13. Bc3 Bxc3+ 14.
bxc3 Rd8 15. Bd3 Rb8 16. Kd2 e5 17. Rhe1 f6 18. Ke3 Bf5 19. Bc4+ Kf8 20. Bb3 h5
21. Rf1 Ke7 22. Rfd1 a5 23. Ba4 c5 24. Rdb1 c4 25. Rb5 Rxb5 26. Bxb5 Bxc2 27.
Bxc4 Rc8 28. Rc1 Rxc4 29. Rxc2 Ke6 30. Kd3 Kd5 31. Rb2 f5 32. Rb5+ Rc5 33. Rb6
e4+ 34. fxe4+ fxe4+ 35. Kd2 Rc6 36. c4+ Rxc4 37. Rxg6 Ra4 38. Kc3 Rxa2 39. Rg5+
Kd6 40. Kd4 a4 1/2-1/2

[Event "Russian Championship G15 1st league 2016"]
[Site "Loo"]
[Date "2016.04.25"]
[Round "6.19"]
[White "Minko, Olga"]
[Black "Surkova, Sofya"]
[Result "1/2-1/2"]
[WhiteElo "1446"]
[BlackElo "1574"]
[PlyCount "124"]
[EventDate "2016.04.20"]

1. e4 c5 2. Nf3 d6 3. d4 cxd4 4. Nxd4 Nf6 5. Nc3 a6 6. f3 e5 7. Nb3 Be6 8. Be3
Be7 9. Qd2 O-O 10. O-O-O b5 11. Kb1 Nbd7 12. g4 b4 13. Na4 a5 14. Qf2 d5 15. g5
Ne8 16. exd5 Bf5 17. h4 f6 18. Qg2 Nd6 19. Bd3 Qe8 20. Nbc5 Nxc5 21. Nxc5 Qh5
22. Rdg1 Bxd3 23. Nxd3 Nf5 24. Bf2 Rad8 25. f4 Bd6 26. gxf6 exf4 27. fxg7 Rf7
28. Qe4 Re7 29. Qc4 Nxg7 30. Nxf4 Bxf4 31. Qxf4 Qxd5 32. Be3 Rf8 33. Qg5 Qxg5
34. Bxg5 Ref7 35. h5 Kh8 36. Bh6 Re8 37. Bxg7+ Rxg7 38. c3 bxc3 39. bxc3 Rxg1+
40. Rxg1 Re5 41. h6 Rh5 42. Kb2 Rxh6 43. c4 Rc6 44. Kb3 Rc5 45. Rg4 h5 46. Rh4
Kh7 47. Kc3 Kg6 48. Kd4 Rg5 49. Rh2 Rf5 50. c5 Kf6 51. Rc2 Ke7 52. Ke4 Rg5 53.
Kf4 Rg8 54. Ke5 Kd7 55. Kd4 Kc6 56. Kc4 Rg4+ 57. Kb3 h4 58. a3 a4+ 59. Kb2 Rg3
60. Rc4 h3 61. Rxa4 Kxc5 62. Rh4 Rf3 1/2-1/2

[Event "Russian Championship G15 1st league 2016"]
[Site "Loo"]
[Date "2016.04.25"]
[Round "6.20"]
[White "Shadrukhina, Svetlana"]
[Black "Bychenkova, Angelina"]
[Result "0-1"]
[WhiteElo "1434"]
[BlackElo "1546"]
[PlyCount "100"]
[EventDate "2016.04.20"]

1. f4 d5 2. Nf3 Nf6 3. b3 Bf5 4. Bb2 e6 5. e3 c5 6. Be2 Nc6 7. O-O Be7 8. Ne5
h6 9. Bb5 Qc7 10. Bxc6+ bxc6 11. d3 O-O 12. Nd2 Rfc8 13. Qf3 Bd6 14. Rac1 Rab8
15. Qg3 Nh5 16. Qh4 Nf6 17. Nxc6 Qxc6 18. Bxf6 gxf6 19. Qxh6 Bf8 20. Qxf6 Bg7
21. Qg5 Bg6 22. Nf3 c4 23. Ne5 Bxe5 24. fxe5 cxd3 25. cxd3 Qxc1 26. Rxc1 Rxc1+
27. Kf2 Rbc8 28. h4 Kh7 29. h5 Bxd3 30. Qf6 Rf1+ 31. Kg3 Rxf6 32. exf6 Kh6 33.
Kg4 Bf5+ 34. Kh4 Rc1 35. g4 Rh1+ 36. Kg3 Rg1+ 37. Kf4 Rxg4+ 38. Ke5 Re4+ 39.
Kd6 Rxe3 40. Ke7 Bg4 41. Kxf7 Bxh5+ 42. Ke7 d4 43. f7 Bxf7 44. Kxf7 d3 45. a4
d2 46. b4 d1=Q 47. b5 Rf3+ 48. Kxe6 Re3+ 49. Kf7 Qf3+ 50. Kg8 Re8# 0-1

[Event "Russian Championship G15 1st league 2016"]
[Site "Loo"]
[Date "2016.04.25"]
[Round "6.21"]
[White "Usarova, Evita"]
[Black "Oglezneva, Polina"]
[Result "1/2-1/2"]
[WhiteElo "1545"]
[BlackElo "1380"]
[PlyCount "93"]
[EventDate "2016.04.20"]

1. e4 e5 2. Nf3 Nc6 3. d4 exd4 4. Bc4 Nf6 5. O-O Bc5 6. e5 d5 7. exf6 dxc4 8.
Re1+ Be6 9. fxg7 Rg8 10. Ng5 Qf6 11. Nxe6 fxe6 12. Qh5+ Kd7 13. Qxc5 Qxg7 14.
g3 Raf8 15. Nd2 Qf7 16. Ne4 h5 17. Qxc4 Kc8 18. Bg5 Ne5 19. Nd6+ Kb8 20. Rxe5
Qxf2+ 21. Kh1 Qf3+ 22. Kg1 Qf2+ 23. Kh1 cxd6 24. Re2 Qf3+ 25. Kg1 Rxg5 26. Qxe6
h4 27. Qxd6+ Ka8 28. Rae1 Rgg8 29. Qe6 a6 30. Qe4 hxg3 31. Qxf3 gxh2+ 32. Kxh2
Rxf3 33. Re8+ Rxe8 34. Rxe8+ Ka7 35. Kg2 Rf6 36. Rd8 Rc6 37. Rxd4 Rxc2+ 38. Kf3
Rxb2 39. a4 a5 40. Ke3 Rb3+ 41. Kd2 Rb4 42. Kc3 Rb6 43. Rd8 Rh6 44. Kc4 Ka6 45.
Rd3 Kb6 46. Rd5 Rh4+ 47. Rd4 1/2-1/2

[Event "Russian Championship G15 1st league 2016"]
[Site "Loo"]
[Date "2016.04.25"]
[Round "6.22"]
[White "Muratova, Anastasiya"]
[Black "Alekseenko, Aleksandra"]
[Result "1/2-1/2"]
[WhiteElo "1327"]
[BlackElo "1542"]
[PlyCount "82"]
[EventDate "2016.04.20"]

1. c4 e6 2. g3 Nf6 3. Bg2 Be7 4. Nf3 O-O 5. O-O d5 6. cxd5 Nxd5 7. a3 b6 8. b4
Bb7 9. Bb2 Nd7 10. d3 Bf6 11. Qb3 Bxb2 12. Qxb2 Qf6 13. Qxf6 N7xf6 14. Ne5 Rab8
15. Nd2 Ne7 16. Bxb7 Rxb7 17. Rac1 Rc8 18. Nc6 Nxc6 19. Rxc6 Kf8 20. Rfc1 Ke7
21. Nf3 Nd7 22. d4 h6 23. h4 Kd8 24. e3 Ra8 25. a4 a5 26. b5 Rc8 27. Ne5 Ke7
28. Nxd7 Kxd7 29. Kg2 Rd8 30. R1c4 Kc8 31. Kf3 Kb8 32. Ke4 Rd5 33. f4 h5 34.
Kf3 Rd8 35. Rc3 Rd5 36. Rd3 Rd6 37. Rxd6 cxd6 38. Rc3 Rc7 39. Rxc7 Kxc7 40. Ke4
f5+ 41. Kf3 d5 1/2-1/2

[Event "Russian Championship G15 1st league 2016"]
[Site "Loo"]
[Date "2016.04.25"]
[Round "6.23"]
[White "Kolesnikova, Kseniya"]
[Black "Belova, Kseniya"]
[Result "1-0"]
[WhiteElo "1526"]
[BlackElo "1355"]
[PlyCount "29"]
[EventDate "2016.04.20"]

1. e4 e5 2. Nc3 Nf6 3. f4 exf4 4. e5 Qe7 5. Qe2 f3 6. Nxf3 Ng4 7. d4 c6 8. Ne4
Qe6 9. Nfg5 Bb4+ 10. c3 Bxc3+ 11. bxc3 Qe7 12. Nd6+ Kf8 13. Nxc8 Qd8 14. Ba3+
Kg8 15. Ne7+ 1-0

[Event "Russian Championship G15 1st league 2016"]
[Site "Loo"]
[Date "2016.04.25"]
[Round "6.27"]
[White "Tereschenko, Dariy"]
[Black "Shelezhonkova, Kseniya"]
[Result "1-0"]
[WhiteElo "1312"]
[BlackElo "1446"]
[PlyCount "129"]
[EventDate "2016.04.20"]

1. d4 d5 2. c4 e6 3. Nf3 Nf6 4. Bg5 Nbd7 5. Nc3 Be7 6. e3 c6 7. Bd3 dxc4 8.
Bxc4 b5 9. Bd3 a6 10. O-O Bb7 11. Bf4 O-O 12. Rc1 c5 13. dxc5 Nxc5 14. Be2 Qb6
15. b4 Nce4 16. Nxe4 Nxe4 17. a3 Rfd8 18. Bc7 Rxd1 19. Bxb6 Rxf1+ 20. Kxf1 Bd6
21. h3 Rc8 22. Rxc8+ Bxc8 23. Bd4 Bb7 24. g3 f6 25. Bb2 Kf7 26. Ke1 e5 27. Nd2
Nxd2 28. Kxd2 Ke6 29. f4 exf4 30. exf4 g5 31. Ke3 Bg2 32. h4 gxf4+ 33. gxf4 h6
34. Bd3 f5 35. Bg7 h5 36. Be2 Kf7 37. Be5 Bxe5 38. fxe5 Kg6 39. Kf4 Be4 40. Bf3
Bxf3 41. Kxf3 Kf7 42. Ke3 Kg7 43. Kf4 Kg6 44. e6 Kf6 45. e7 Kxe7 46. Kxf5 Kd6
47. Kg5 Kd5 48. Kxh5 Kc4 49. Kg5 Kb3 50. h5 Kxa3 51. h6 Kxb4 52. h7 a5 53. h8=Q
a4 54. Qb2+ Kc4 55. Kf4 b4 56. Qc2+ Kb5 57. Ke4 b3 58. Qb2 Kc4 59. Qd4+ Kb5 60.
Qc3 b2 61. Qxb2+ Kc4 62. Ke3 Kc5 63. Kd3 Kc6 64. Qb4 Kd5 65. Qxa4 1-0

[Event "Russian Championship G15 1st league 2016"]
[Site "Loo"]
[Date "2016.04.25"]
[Round "6.28"]
[White "Vlezko, Maria"]
[Black "Sakharova, Veronika"]
[Result "0-1"]
[WhiteElo "1432"]
[BlackElo "1612"]
[PlyCount "140"]
[EventDate "2016.04.20"]

1. d4 Nf6 2. Bf4 c5 3. e3 Qb6 4. b3 g6 5. Nf3 Bg7 6. Bd3 d6 7. h3 O-O 8. O-O
Nh5 9. Nbd2 cxd4 10. Nc4 Qd8 11. Rc1 dxe3 12. Bxe3 f5 13. c3 Nc6 14. Be2 d5 15.
Nb2 e5 16. c4 d4 17. Bg5 Qc7 18. c5 Be6 19. Bd2 Nf6 20. Ng5 Bd5 21. Nc4 h6 22.
Nf3 e4 23. Nxd4 Nxd4 24. Bb4 Nxe2+ 25. Qxe2 Bxc4 26. Qxc4+ Kh7 27. c6 Rfd8 28.
cxb7 Qxb7 29. Bc3 Rac8 30. Qe6 Rc6 31. Qe5 Rd5 32. Qh2 Rdc5 33. Bd2 Rxc1 34.
Bxc1 Rc2 35. Qf4 Rxa2 36. g4 fxg4 37. hxg4 Qd7 38. g5 Qg4+ 39. Qxg4 Nxg4 40. f3
exf3 41. Rxf3 Ra1 42. Rf1 hxg5 43. Kg2 Rb1 44. Bxg5 Rxf1 45. Kxf1 Bh6 46. Be7
Ne3+ 47. Ke2 Nf5 48. Bc5 a6 49. Kd3 Kg8 50. Kc4 Be3 51. Bb4 Kf7 52. Kd5 Kf6 53.
Bc3+ Ke7 54. Kc4 Nd6+ 55. Kb4 Bb6 56. Bd2 Ke6 57. Ka4 Kd5 58. Kb4 Ke4 59. Bg5
Kf5 60. Be7 Nc8 61. Bh4 Kg4 62. Be1 g5 63. Kc4 Ne7 64. b4 Kf3 65. b5 axb5+ 66.
Kxb5 Bf2 67. Bc3 g4 68. Be5 Ng6 69. Bh2 Nf4 70. Kc4 Be3 0-1

[Event "Russian Championship G15 2016"]
[Site "Loo"]
[Date "2016.04.25"]
[Round "6.1"]
[White "Vinokur, Yuliya"]
[Black "Maltsevskaya, Aleksandra"]
[Result "1-0"]
[WhiteElo "1963"]
[BlackElo "2146"]
[PlyCount "91"]
[EventDate "2016.04.20"]

1. Nf3 Nf6 2. c4 g6 3. g3 Bg7 4. Bg2 O-O 5. O-O d6 6. Nc3 Nbd7 7. d3 e5 8. Rb1
Ne8 9. b4 f5 10. Qc2 Ndf6 11. Rd1 h6 12. Bb2 Kh7 13. b5 Be6 14. a4 Qc8 15. a5
f4 16. Nh4 Rb8 17. d4 Bf7 18. dxe5 dxe5 19. Nd5 Nxd5 20. Bxd5 Qg4 21. Ba3 Nd6
22. Bxd6 cxd6 23. Bxf7 Rxf7 24. Rxd6 Bf6 25. Ng2 fxg3 26. hxg3 Rbf8 27. Ne3 Qg5
28. Nd1 Be7 29. Rd3 Bc5 30. e3 h5 31. Rd5 h4 32. Rxc5 hxg3 33. f4 Qh4 34. Rxe5
g2 35. Nf2 Kg7 36. Kxg2 Qd8 37. Rg5 Rf6 38. Rd1 Qc7 39. Qd2 Qxc4 40. Qd5 Qe2
41. Qd3 Qa2 42. Qc3 Qe6 43. Ng4 Qe4+ 44. Kg3 R8f7 45. Nxf6 Rxf6 46. Rd6 1-0

[Event "Russian Championship G15 2016"]
[Site "Loo"]
[Date "2016.04.25"]
[Round "6.2"]
[White "Miroshnik, Ekaterina"]
[Black "Filippova, Darya"]
[Result "1-0"]
[WhiteElo "1896"]
[BlackElo "1976"]
[PlyCount "65"]
[EventDate "2016.04.20"]

1. d4 d5 2. c4 e6 3. Nf3 Nf6 4. Nc3 c6 5. e3 Bd6 6. Bd3 Nbd7 7. O-O O-O 8. e4
dxe4 9. Nxe4 Nxe4 10. Bxe4 Nf6 11. Bc2 b6 12. Qd3 Bb7 13. Bg5 g6 14. Rfe1 Be7
15. Bh6 Re8 16. Ne5 Bf8 17. Bg5 Be7 18. Qf3 Kg7 19. Bh6+ Kg8 20. Rad1 Qc7 21.
Be4 Rac8 22. Bg5 Kg7 23. Bf4 Bd6 24. Bh6+ Kxh6 25. Qxf6 Bxe5 26. dxe5 Qe7 27.
f4 Qc5+ 28. Kh1 Qf2 29. Rg1 Rcd8 30. Rxd8 Rxd8 31. Qxd8 Qxf4 32. Qf8+ Kh5 33.
Bf3+ 1-0

[Event "Russian Championship G15 2016"]
[Site "Loo"]
[Date "2016.04.25"]
[Round "6.3"]
[White "Fonyak, Marina"]
[Black "Zotova, Anastasia"]
[Result "0-1"]
[WhiteElo "1852"]
[BlackElo "1934"]
[PlyCount "94"]
[EventDate "2016.04.20"]

1. e4 c5 2. Nf3 d6 3. d4 cxd4 4. Qxd4 Nc6 5. Bb5 a6 6. Bxc6+ bxc6 7. Nc3 e5 8.
Qc4 Qc7 9. Be3 Be6 10. Qa4 Bd7 11. Nd2 Nf6 12. Bg5 h6 13. Bxf6 gxf6 14. Nc4 Be7
15. O-O O-O 16. Rad1 Be6 17. Rd3 Kh7 18. Ne3 Rfb8 19. Re1 Rb7 20. Ncd1 Rb5 21.
c4 Rb7 22. Nf5 Bxf5 23. exf5 Rab8 24. Rh3 Qd7 25. Qc2 Rg8 26. Qe4 Bf8 27. Ne3
Rg5 28. b3 Rb4 29. a3 Rb8 30. Qh4 d5 31. cxd5 cxd5 32. b4 d4 33. Rd1 Qa4 34. b5
Qb3 35. Rf1 dxe3 36. Rxe3 Qd5 37. Qh3 axb5 38. Rd3 Rxg2+ 39. Qxg2 Qxd3 40. Kh1
e4 41. f3 exf3 42. Rxf3 Qe4 43. Qg3 Rc8 44. Kg2 Rc3 45. h4 Rxa3 46. h5 b4 47.
Kf2 Rxf3+ 0-1

[Event "Russian Championship G15 2016"]
[Site "Loo"]
[Date "2016.04.25"]
[Round "6.4"]
[White "Budnikova, Varvara"]
[Black "Bulatova, Kamaliya"]
[Result "1/2-1/2"]
[WhiteElo "1932"]
[BlackElo "1893"]
[PlyCount "53"]
[EventDate "2016.04.20"]

1. d4 Nf6 2. c4 g6 3. Nc3 Bg7 4. e4 d6 5. Bd3 O-O 6. Nge2 Nbd7 7. O-O e5 8. d5
a5 9. f3 Nc5 10. Bc2 Nh5 11. Be3 Bd7 12. a3 Na6 13. Rb1 b6 14. Qd2 Qe8 15. b4
axb4 16. axb4 f5 17. exf5 gxf5 18. f4 e4 19. Bd4 Nf6 20. h3 Qg6 21. Qe3 Kh8 22.
Kf2 Qf7 23. Rb2 Nb8 24. Rbb1 Na6 25. Rb2 Nb8 26. Rbb1 Na6 27. Rb2 1/2-1/2